000 00984 am a2200313 x 4500
001 1185034
008 791221r19791966enkbj w 00110 eng
015 _aB8000986
020 _a0140441697
043 0 0 _amm-----
049 0 0 _aSA
_cBL
_d810522
082 0 0 _a949.5/02
_218
087 0 0 _aX.708/22188
100 1 0 _aPsellus, Michael,
_d1018-1096.
240 4 0 _aChronographia
_lEnglish
245 1 0 _aFourteen Byzantine rulers
_bthe 'Chronographia' of Michael Psellus
_ctranslated [from the Greek] with an introduction by E.R.A. Sewter
250 0 0 _aRevised ed
260 _aHarmondsworth
_bPenguin
_c1979
300 _a397p
_c19cm
_epbk
350 0 0 _a£1.95
440 0 4 _aThe Penguin classics
_91644
500 _aRevised ed. of this translation originally published: 1966
504 0 0 _aBibliography: p.381-382. - Includes index
651 0 _aByzantine Empire
_xHistory.
700 1 1 _aSewter, E. R. A.
942 _2ddc
_cBK
956 _aNLS
999 _c327
_d327